000 01045nam a2200265 a 4500
001 BRCA_5838
005 20190320205231.0
008 140311m19221939mx-a######---#001-0#spa-#
041 _aspa
044 _amx
050 4 _aNK5000
_b.L4
_c1939
100 1 _aP. León, Francisco de.
_914782
245 1 0 _aLos esmaltes de uruapan. ed. de su manuscrito fechado en morelia el año de 1922.
260 _aMéxico
_bDAPP
_c1939
300 _a154 p.
_bilus., (algunas a color) 52 láminas.
_c28 cm.
500 _aComentarios a la obra firmado: Gabriel Fernandez Ledesma; índice.
500 _aIncluye extractos de las fuentes de informacion por ejemplo: capitulos y parrafos del México desconocido de lumholtz; fragmentos de la obra: ´noticias para la historia y estadística del obispado de Michoacán (1862)´ etc
500 _aH99
610 2 4 _aGobierno de Uruapan (Michoacán)
_914783
650 1 4 _aEsmalte y esmaltado
_914784
650 1 4 _aArte
_zMéxico
_914785
651 4 _aUruapan (México)
_914786
902 _aGFM
942 _2lcc
_cB
999 _c5527
_d5527